|
|
|
|
| LEADER |
00846cam a22002291a 4500 |
| 001 |
c000231692 |
| 003 |
CARM |
| 005 |
20070327153406.0 |
| 008 |
830225s1954 at 000 0 eng d |
| 019 |
1 |
|
|a 21629187
|z 42749367
|z 2502486
|z 54042672
|z 57412893
|5 LACONCORD2021
|
| 035 |
|
|
|a (OCoLC)4870749
|5 LACONCORD2021
|
| 040 |
|
|
|a VCAV
|b eng
|c VCAV
|d ABN-SNR
|
| 042 |
|
|
|a anuc
|
| 082 |
0 |
4 |
|a 541.3
|
| 100 |
1 |
|
|a Rutgers, A. J.
|
| 245 |
1 |
0 |
|a Physical chemistry /
|c [by] A. J. Rutgers.
|
| 260 |
|
|
|a New York :
|b Interscience Publishers,
|c 1954.
|
| 300 |
|
|
|a 804p. :
|b ill.
|
| 650 |
|
0 |
|a Chemistry, Physical and theoretical.
|
| 852 |
8 |
|
|b CARM
|h A1:AQ09B0
|i B07355
|p 0342209
|f BK
|
| 999 |
f |
f |
|i bf5b051b-26e5-5e84-b31d-6e23a2ec2708
|s c3a6dead-b0f1-5760-8aec-8e775143b9fc
|
| 952 |
f |
f |
|p Can circulate
|a CAVAL
|b CAVAL
|c CAVAL
|d CARM 1 Store
|e B07355
|f A1:AQ09B0
|h Other scheme
|i book
|m 0342209
|